the dwarves of the hobbit - Statistics

General Stats
  • This quiz has been taken 25 times
  • The average score is 12 of 13
Answer Stats
Answer % Correct
bifur
95%
bombur
95%
nori
95%
dori
91%
fili
91%
kili
91%
oin
91%
ori
91%
thorin
91%
balin
86%
bofur
86%
dwalin
86%
gloin
86%
No matching quizzes found
Score Distribution
Percent of People with Each Score
Percentile by Number Answered
Your Score History
You have not taken this quiz